000 00638cam a2200193 a 4500
001 000002603
005 20200929150224.0
008 790914s1974 cl 001 0 spa
040 _aDO-SdBNP
_bspa
_cBNPHU
082 _a862.83
_aS573t
100 1 _aSieveking, Alejandro,
_d1934-?
_98205
245 1 0 _aTres obras de teatro :
_bla remolienda, tres tristes tigres, la mantis religiosa /
_cAlejandro Sieveking.
260 _aSantiago de Chile :
_bUniversitaria,
_c1974.
300 _a180 p. ;
_c19 cm.
490 1 _aTeatro
_vno. 3
650 4 _aDrama chileno
_97567
650 4 _aTeatro
_xHistoria
_zChile
_98206
830 0 _aTeatro ;
_vno. 3
_95617
999 _c2439
_d2439